مكتبة جامعة عجلون الوطنية

فهرس بحث المكتبة

Normal view MARC view
  • تاليف الهاشمي، الامير غازي بن محمد بن طلال

Entry Personal Name

Number of records used in: 1

001 - CONTROL NUMBER

  • control field: 59563

003 - CONTROL NUMBER IDENTIFIER

  • control field: JO-AjAnu

005 - DATE AND TIME OF LATEST TRANSACTION

  • control field: 20230606083735.0

008 - FIXED-LENGTH DATA ELEMENTS

  • fixed length control field: 230606|| aca||aabn | a|a d

040 ## - CATALOGING SOURCE

  • Original cataloging agency: JO-AjAnu
  • Transcribing agency: JO-AjAnu

100 ## - HEADING--PERSONAL NAME

  • Personal name: تاليف الهاشمي، الامير غازي بن محمد بن طلال

670 ## - SOURCE DATA FOUND

  • Source citation: Work cat.: (JO-AjAnu)30378: تاليف الهاشمي، الامير غازي بن محمد بن طلال, author, الحب في القرآن الكريم